00802nam a2200241Ia 4500001000600000003000900006008004100015040001300056040001300069041001300082100002100095100002900116245004100145245007100186250001100257260000900268260002800277260004900305300005800354500008900412650002800501650003100529E9379IT-RoPAU130308s9999 xx 000 0 und d aIT-RoPAU cIT-RoPAU aITALIANO aLiberti Fabrizio gCodice Aut. SPICS: 25278 aChiamami aquila (Continental divide) bJohn Belushi. l'anima Blues in un Corpo Punk: Il comico Demenziale a1a ed. aROMA bSorbini Stefano Editore c1996 [1° Ed.:1996 - Ed.Ling.Originale:1996] a"12 p. (prefazione: no ; testo: 12 [pagine: 98-109])" aScheda e Recensione del Film di Michael Apted con L'Interpretazione di John Belushi. aAUTORI/OPERE DEL CINEMA eCodice materia Spics: 6807